| 000 | 01045cam a22002655a 4500 | ||
|---|---|---|---|
| 001 | L135432 | ||
| 002 | 11528 | ||
| 008 | 061026s2006 xk i f 000 0 eng u | ||
| 035 | _a(Sirsi) u135432 | ||
| 041 | 0 | _aeng | |
| 050 | 0 | 4 | _a331.2 $2 18 |
| 110 | 2 |
_aRoyal Institution of Chartered Surveyors _bResidential Property Faculty _94304 |
|
| 245 | 0 | 0 | _aAgreement setting out terms of appointment for the management of a block of flats |
| 250 | _a2nd ed. | ||
| 260 |
_aCoventry _bRICS _c2006 |
||
| 300 |
_a9p. _bill. $3 0cm. |
||
| 350 | _a15 | ||
| 505 | 2 | _aBasic terms -- Standard terms | |
| 520 | _aSample agreement document. Provides detailed explanations of the terms including: the service to be provided by the agent; what the agent is authorised to do; undertakings by the client; the remuneration liability of the agent; and termination. | ||
| 520 | _aSupersedes 1st ed 1996 (M2186). | ||
| 590 | _aKA | ||
| 651 | 4 |
_aEngland and Wales _y1543- |
|
| 690 | _aPROPERTY-RESIDENTIAL PROPERTY-RESIDENTIAL LANDLORD AND TENANT | ||
| 942 | _n0 | ||
| 999 |
_c106059 _d106059 |
||